Karl Marx : critical responses /

Saved in:
Bibliographic Details
Other Authors: Marchionatti, Roberto, 1950-
Format: Book
Language:English
Published: London ; New York : Routledge, 1998.
Subjects:
Tags: Add Tag
No Tags, Be the first to tag this record!
LEADER 00907cam a22003018a 4500
001 007780410-4
005 20020606104010.5
008 970618s1998 enk b 000 0 eng
010 |a  97026905  
020 |a 0415140595 (set) 
035 0 |a ocm37220899 
040 |a DLC  |c DLC  |d DLC 
041 0 |a engfreger 
050 0 0 |a HB501  |b .K283 1998 
082 0 0 |a 335.4  |2 21 
245 0 0 |a Karl Marx :  |b critical responses /  |c edited by Roberto Marchionatti. 
260 |a London ;  |a New York :  |b Routledge,  |c 1998. 
300 |a 4 v. ;  |c 25 cm. 
504 |a Includes bibliographical references. 
546 |a In English; some articles in French and German. 
600 1 0 |a Marx, Karl,  |d 1818-1883.  |t Kapital. 
600 1 0 |a Marx, Karl,  |d 1818-1883  |x Influence. 
650 0 |a Capitalism. 
650 0 |a Marxian economics. 
650 0 |a Socialism. 
700 1 |a Marchionatti, Roberto,  |d 1950- 
988 |a 20020608 
906 |0 DLC